Buffalo Sabres Roster 2026 - Statistics

General Stats
  • This quiz has been taken 1,012 times
    311 since last reset
  • The average score is 16 of 27
Answer Stats
Pos, # Birthplace Player % Correct
Defencemen 26 Västergötland, SWE Rasmus Dahlin
98%
Forwards 72 Arizona, USA Tage Thompson
98%
Forwards 89 New York, USA Alex Tuch
86%
Defencemen 25 Ontario, CAN Owen Power
84%
Goaltenders 1 Uusimaa, FIN Ukko-Pekka Luukkonen
79%
Goaltenders 34 Minnesota, USA Alex Lyon
78%
Forwards 6 British Columbia, CAN Zach Benson
77%
Defencemen 4 British Columbia, CAN Bowen Byram
75%
Forwards 91 Arizona, USA Josh Doan
74%
Forwards 9 Michigan, USA Josh Norris
71%
Defencemen 23 New Jersey, USA Mattias Samuelsson
64%
Forwards 22 Ontario, CAN Jack Quinn
61%
Forwards 19 Alberta, CAN Peyton Krebs
59%
Forwards 17 California, USA Jason Zucker
57%
Forwards 71 Ontario, CAN Ryan McLeod
57%
Forwards 12 New York, USA Jordan Greenway
53%
Goaltenders 92 Nova Scotia, CAN Colten Ellis
49%
Defencemen 8 South Carolina, USA Michael Kesselring
49%
Forwards 29 British Columbia, CAN Beck Malenstyn
44%
Forwards 86 Södermanland, SWE Noah Östlund
43%
Defencemen 78 Ontario, CAN Jacob Bryson
39%
Forwards 20 Ústecký, CZE Jiří Kulich
39%
Defencemen 21 Ontario, CAN Conor Timmins
34%
Defencemen 73 Wisconsin, USA Zach Metsa
29%
Forwards 44 Missouri, USA Joshua Dunne
27%
Forwards 48 Manitoba, CAN Tyson Kozak
23%
Forwards 15 Ontario, CAN Justin Danforth
19%
No matching quizzes found
Score Distribution
Percent of People with Each Score
Percentile by Number Answered
Your Score History
You have not taken this quiz since the last reset